| 000 | 01338nam a2200349 i 4500 | ||
|---|---|---|---|
| 001 | 768714001 | ||
| 003 | CO-MdFUSB | ||
| 005 | 20210405114924.0 | ||
| 007 | ta | ||
| 008 | 200924t1991 -us |||| |||| 00| 0 eng d | ||
| 020 | _a084990840x | ||
| 040 |
_aCO-MdFUSB _bspa _cCO-MdFUSB _dCO-MdFUSBC _erda |
||
| 041 | _aeng | ||
| 082 |
_223 _a248 _bM116 |
||
| 100 | 1 |
_aMacArthur, John, _d1939- _eautor |
|
| 245 |
_aOur sufficiency in Christ _c/ John MacArthur |
||
| 264 | 1 |
_aDallas : _bWord Publishing, _c[1991] |
|
| 264 | 4 | _c© 1991 | |
| 300 |
_a282 páginas _c; 24 cm |
||
| 336 |
_2rdacontent _atexto _btxt |
||
| 337 |
_2rdamedia _asin mediación _bn |
||
| 338 |
_2rdacarrier _avolumen _bnc |
||
| 500 | _aThree deadly influences that undermine your spiritual life | ||
| 505 | _aResucitar una vieja herejía: ¿tesoro o basura? - ¿Dios necesita un psiquiatra? - Verdad en un mundo de teoría - ¿Santificación psicológica? - Escépticos que creen en la Biblia - Hedonismo religioso - La búsqueda de algo más - Un equilibrio de fe y esfuerzo - Guerra espiritual: ¿quién es después de quién? - Suficiente gracia - Epílogo: Perfecta suficiencia. | ||
| 563 | _aRústico | ||
| 650 | 0 |
_951 _aVida espiritual |
|
| 650 | 0 |
_919 _aVida cristiana |
|
| 650 | 7 |
_9531 _aFe |
|
| 942 | _cBK | ||
| 945 | _aJTF-925 | ||
| 999 |
_c66600 _d66600 |
||